Platobné karty a ich využívanie v období globálnej krízy diplomová práca

Gespeichert in:
Bibliographische Detailangaben
1. Verfasser: Vojtechovská, Lucia
Körperschaft: Podnikovohospodárska fakulta EU so sídlom v Košiciach. Katedra ekonómie
Weitere Verfasser: Bačová, Monika
Format: Buch
Sprache:Slowakisch
Veröffentlicht: Košice 2010
Tags: Tag hinzufügen
Keine Tags, Fügen Sie das erste Tag hinzu!

MARC

LEADER 00000nam$a2200000$$$4500
001 0123605
005 20240827092730.9
041 0 |a slo 
044 |a SK 
245 1 0 |a Platobné karty a ich využívanie v období globálnej krízy  |b diplomová práca  |c Lucia Vojtechovská ; škol. Monika Bačová 
264 1 |a Košice  |c 2010 
300 |a 90 s. 
100 1 |a Vojtechovská, Lucia 
700 1 |a Bačová, Monika 
710 2 |a Podnikovohospodárska fakulta EU so sídlom v Košiciach. Katedra ekonómie